| 000 | 00717nam a2200205Ia 4500 | ||
|---|---|---|---|
| 003 | GCL | ||
| 008 | 140319s9999 xx 000 0 ara d | ||
| 040 |
_aGCL / _cGCL |
||
| 082 | 0 | 4 |
_aق _b322.1 _bم م |
| 100 | 1 | _aمجدى نصيف | |
| 245 | 1 | 0 |
_aموقف الكنيسة المصرية من اسرائيل والصهيونية (هدية من الاديب عبدالفتاح الجمل) / _cمجدى نصيف |
| 300 | _a92 ص | ||
| 490 | _a | ||
| 650 | 0 | 4 | _aالنزاع العربى الاسرائيلى |
| 650 | 0 | 4 | _aاتفاقيات كامب ديفيد |
| 650 | 0 | 4 | _aالكنيسة والدولة |
| 650 | 0 | 4 | _aالكنيسة القبطية |
| 650 | 0 | 4 | _aالمسيحية والسياسة |
| 942 |
_2ddc _cBK |
||
| 999 |
_c38294 _d38294 |
||